Адаптация настроечных параметров регулятора уровня воды в парогенераторе котлоагрегата; Молодежь и современные информационные технологии; Т. 1

Dades bibliogràfiques
Parent link:Молодежь и современные информационные технологии: сборник трудов XIII Международной научно-практической конференции студентов, аспирантов и молодых ученых, г. Томск, 9-13 ноября 2015 г./ Национальный исследовательский Томский политехнический университет (ТПУ), Институт кибернетики (ИК) ; под ред. Т. Е. Мамоновой [и др.].— , 2016
Т. 1.— 2016.— [С. 288-289]
Autor principal: Фирсов И. С.
Autor corporatiu: Национальный исследовательский Томский политехнический университет (ТПУ) Институт кибернетики (ИК) Кафедра автоматики и компьютерных систем (АИКС)
Altres autors: Ефимов С. В. Семён Викторович (научный руководитель)
Sumari:Заглавие с титульного экрана
Idioma:rus
Publicat: 2016
Col·lecció:Автоматизация и управление в технических системах
Matèries:
Accés en línia:http://earchive.tpu.ru/handle/11683/16937
Format: MixedMaterials Electrònic Capítol de llibre
KOHA link:https://koha.lib.tpu.ru/cgi-bin/koha/opac-detail.pl?biblionumber=617623

MARC

LEADER 00000naa2a2200000 4500
001 617623
005 20231101132953.0
035 |a (RuTPU)RU\TPU\conf\15936 
035 |a RU\TPU\conf\15935 
090 |a 617623 
100 |a 20160317d2016 k y0rusy50 ca 
101 0 |a rus  |g rus 
102 |a RU 
105 |a y z 101zy 
135 |a drcn ---uucaa 
181 0 |a i  
182 0 |a b 
200 1 |a Адаптация настроечных параметров регулятора уровня воды в парогенераторе котлоагрегата  |f И. С. Фирсов  |g науч. рук. С. В. Ефимов 
203 |a Текст  |c электронный 
225 1 |a Автоматизация и управление в технических системах 
230 |a 1 компьютерный файл (pdf; 340 Кb) 
300 |a Заглавие с титульного экрана 
320 |a [Библиогр.: с. 289 (4 назв.)] 
337 |a Adobe Reader 
461 1 |0 (RuTPU)RU\TPU\conf\15701  |t Молодежь и современные информационные технологии  |o сборник трудов XIII Международной научно-практической конференции студентов, аспирантов и молодых ученых, г. Томск, 9-13 ноября 2015 г.  |o в 2 т.  |f Национальный исследовательский Томский политехнический университет (ТПУ), Институт кибернетики (ИК) ; под ред. Т. Е. Мамоновой [и др.]  |d 2016 
463 0 |0 (RuTPU)RU\TPU\conf\15703  |t Т. 1  |v [С. 288-289]  |d 2016 
610 1 |a труды учёных ТПУ 
610 1 |a электронный ресурс 
610 1 |a настроечные параметры 
610 1 |a регуляторы 
610 1 |a парогенераторы 
610 1 |a котлоагрегаты 
610 1 |a САР 
700 1 |a Фирсов  |b И. С. 
702 1 |a Ефимов  |b С. В.  |c специалист в области автоматического управления  |c доцент Томского политехнического университета, кандидат технических наук  |f 1985-  |g Семён Викторович  |2 stltpush  |4 727 
712 0 2 |a Национальный исследовательский Томский политехнический университет (ТПУ)  |b Институт кибернетики (ИК)  |b Кафедра автоматики и компьютерных систем (АИКС)  |h 125  |2 stltpush  |3 (RuTPU)RU\TPU\col\18698 
801 2 |a RU  |b 63413507  |c 20160404  |g RCR 
856 4 |u http://earchive.tpu.ru/handle/11683/16937 
942 |c BK